书目信息 |
| 题名: |
庄子现代版
|
|
| 作者: | 流沙河 著 | |
| 分册: | ||
| 出版信息: | 上海 上海古籍出版社 1999.6 |
|
| 页数: | 445页 | |
| 开本: | 20cm | |
| 丛书名: | ||
| 单 册: | ||
| 中图分类: | B223.54 | |
| 科图分类: | ||
| 主题词: | 先秦哲学 | |
| 电子资源: | ||
| ISBN: | 7-5325-2570-8 | |
| 000 | 00514nam0 2200205 45 | |
| 001 | 0005120934 | |
| 005 | 20040429170548.0 | |
| 010 | @a7-5325-2570-8@dCNY23.70 | |
| 100 | @a20000512d1999 km y0chiy0120 ea | |
| 101 | @achi | |
| 105 | @a z 000yy | |
| 200 | 1 | @a庄子现代版@f流沙河著 |
| 205 | @a增订本 | |
| 210 | @a上海@c上海古籍出版社@d1999.6 | |
| 215 | @a445页@d20cm | |
| 606 | 0 | @a先秦哲学 |
| 690 | @aB223.54@v1 | |
| 701 | @a流沙河@4著 | |
| 801 | @aCN@bTSTC@c20000512 | |
| 905 | @dB223.54@e174=2@f2@b288391-392 | |
| 庄子现代版/流沙河著.-增订本.-上海:上海古籍出版社,1999.6 |
| 445页;20cm |
| ISBN 7-5325-2570-8:CNY23.70 |
| ● |
| 相关链接 |
|
|
|
|
正题名:庄子现代版
索取号:B223.54/174=2
 
预约/预借
| 序号 | 登录号 | 条形码 | 馆藏地/架位号 | 状态 | 备注 |
| 1 | 0288391 | 002883918 | 第一借阅区/ [索取号:B223.54/174=2] | 在馆 | |
| 2 | 0288392 | 002883927 | 第一借阅区/ [索取号:B223.54/174=2] | 在馆 | |
| 3 | 0288393 | 002883936 | 第一样本阅览室/ [索取号:B223.54/174=2] | 在馆 |